Emoji personnage marvel - Statistiques

Statistiques générales
  • Ce quiz a été pris 479 fois
    115 depuis la dernière actualisation
  • Le résultat moyen est 13 sur 23
Statistiques - réponses
Emoji Personnage % Correct
👨🕷️ Spider-Man
100%
🦸‍♂️🤖 Iron-Man
97%
🦸‍♂️🐜 Ant-Man
94%
🦸‍♂️🇺🇸 Captain America
94%
🦸‍♂️💪 Hulk
88%
🦸‍♂️⚡️ Thor
88%
🧙‍♂️🔮 Doctor Strange
81%
🌳 Groot
80%
🦸‍♂️🏹 L’œil de faucon
80%
🦸‍♂️🐝 La guêpe
67%
🦸‍♂️🐆 Black Panther
66%
🦸🐞 Black Widow
63%
Créateur Stan Lee
61%
🦸🌌 Captain Marvel
57%
🕷️⚫️ Venom
48%
🦹‍♂️🐍 Loki
39%
🤖🔴 Ultron
31%
🦹‍♂️💍 Thanos
26%
🦸‍♂️🐺 Wolverine
20%
🦸🔮 Scarlet Witch
18%
🦸💪 She-Hulk
15%
🇷🇺🔴 Crâne rouge
11%
Premier film Howard Le Canard
0%
Aucun quiz correspondant
Distribution des résultats
% des personnes avec chaque résultat
Percentile par nombre de réponses
Votre historique - résultats
Vous n’avez pas pris ce quiz depuis la dernière actualisation